书目信息 |
| 题名: |
中国可持续发展遥感监测报告
|
|
| 作者: | 顾行发 , 李闽榕 , 徐东华 , 赵坚 主编 | |
| 分册: | 2021 | |
| 出版信息: | 北京 社会科学文献出版社 2021.12 |
|
| 页数: | 279页 | |
| 开本: | 26cm | |
| 丛书名: | 皮书系列 | |
| 单 册: | ||
| 中图分类: | X87 | |
| 科图分类: | ||
| 主题词: | 可持续性发展--ke chi xu xing fa zhan--环境遥感--环境监测--研究报告--中国--2021 | |
| 电子资源: | ||
| ISBN: | 978-7-5201-9397-9 | |
| 000 | 01545nam 2200337 450 | |
| 001 | 25780 | |
| 005 | 20220919151209.10 | |
| 010 | @a978-7-5201-9397-9@b精装@dCNY198.00 | |
| 100 | @a20220314d2021 em y0chiy50 ea | |
| 101 | 0 | @achi@deng@eeng |
| 102 | @aCN@b110000 | |
| 105 | @aab a 000yy | |
| 200 | 1 | @a中国可持续发展遥感监测报告@Azhong guo ke chi xu fa zhan yao gan jian ce bao gao@h2021@d= Report on remote sensing monitoring of China sustainable development@h2021@f主编顾行发 ... [等]@zeng |
| 210 | @a北京@c社会科学文献出版社@d2021.12 | |
| 215 | @a279页@c彩图, 地图@d26cm | |
| 225 | 2 | @a皮书系列@Api shu xi lie |
| 300 | @a遥感监测绿皮书 2021版 No.4 | |
| 304 | @a题名页题其余责任者: 李闽榕, 徐东华, 赵坚 | |
| 320 | @a有书目 | |
| 330 | @a本书基于长期开展遥感应用、可持续发展监测和评估的丰富积累, 由资深专家撰稿, 以独到的视角给出全新的分析, 紧紧围绕可持续发展遥感监测的各项指标, 在土地利用、植被、水资源、农业、自然灾害、大气质量等热点领域展开讨论和深入分析, 为中国可持续发展提供科学参考。 | |
| 410 | 0 | @12001 @a皮书系列 |
| 510 | 1 | @aReport on remote sensing monitoring of China sustainable development@h2021@zeng |
| 516 | 1 | @a2021遥感监测绿皮书@A2021 yao gan jian ce lv pi shu |
| 606 | 0 | @a可持续性发展@Ake chi xu xing fa zhan@x环境遥感@x环境监测@x研究报告@y中国@z2021 |
| 690 | @aX87@v5 | |
| 701 | 0 | @a顾行发@Agu hang fa@4主编 |
| 701 | @a李闽榕@Ali min rong@4主编 | |
| 701 | @a徐东华@Axu dong hua@4主编 | |
| 701 | @a赵坚@Azhao jian@4主编 | |
| 801 | 0 | @aCN@c20220910 |
| 905 | @a河南城建学院图书馆@dX87@eG510@f1 | |
| 中国可持续发展遥感监测报告.2021= Report on remote sensing monitoring of China sustainable development.2021/主编顾行发 ... [等].-北京:社会科学文献出版社,2021.12 |
| 279页:彩图, 地图;26cm.-(皮书系列) |
| 遥感监测绿皮书 2021版 No.4 |
| ISBN 978-7-5201-9397-9(精装):CNY198.00 |
| 本书基于长期开展遥感应用、可持续发展监测和评估的丰富积累, 由资深专家撰稿, 以独到的视角给出全新的分析, 紧紧围绕可持续发展遥感监测的各项指标, 在土地利用、植被、水资源、农业、自然灾害、大气质量等热点领域展开讨论和深入分析, 为中国可持续发展提供科学参考。 |
| ● |
| 相关链接 |
|
|
|
正题名:中国可持续发展遥感监测报告
索取号:X87/G510
 
预约/预借
| 序号 | 登录号 | 条形码 | 馆藏地/架位号 | 状态 | 备注 |
| 1 | 1576630 | 215766302 | 自科库501/501自科库 118排2列1层/ [索取号:X87/G510] | 在馆 |